ประมวลพระราชบัญญัติระเบียบข้าราชการพลเรือน พ.ศ.2471-2518 พร้อมด้วยข้อเปรียบเทียบบางประการ (ระเบียนเลขที่ 16901)
| 000 -LEADER | |
|---|---|
| fixed length control field | 02132nam a22003137a 4500 |
| 005 - DATE AND TIME OF LATEST TRANSACTION | |
| control field | 20251125232850.0 |
| 008 - FIXED-LENGTH DATA ELEMENTS--GENERAL INFORMATION | |
| fixed length control field | s2519 th tha d |
| 040 ## - CATALOGING SOURCE | |
| Original cataloging agency | NALT |
| 041 ## - LANGUAGE CODE | |
| Language code of text/sound track or separate title | tha |
| 090 ## - LOCALLY ASSIGNED LC-TYPE CALL NUMBER (OCLC); LOCAL CALL NUMBER (RLIN) | |
| Classification number (OCLC) (R) ; Classification number, CALL (RLIN) (NR) | KE61 พ993ป 2519 |
| 100 0# - MAIN ENTRY--PERSONAL NAME | |
| Personal name | ไพโรจน์ สิตปรีชา |
| 245 10 - TITLE STATEMENT | |
| Title | ประมวลพระราชบัญญัติระเบียบข้าราชการพลเรือน พ.ศ.2471-2518 พร้อมด้วยข้อเปรียบเทียบบางประการ |
| 260 3# - PUBLICATION, DISTRIBUTION, ETC. | |
| Place of publication, distribution, etc. | กรุงเทพฯ : |
| Name of publisher, distributor, etc. | แผนกตำราและคำบรรยาย คณะรัฐศาสตร์ จุฬาลงกรณ์มหาวิทยาลัย, |
| Date of publication, distribution, etc. | 2519 |
| 300 ## - PHYSICAL DESCRIPTION | |
| Extent | 373 หน้า : |
| Other physical details | ตาราง ; |
| Dimensions | 27 ซม. |
| 650 04 - SUBJECT ADDED ENTRY--TOPICAL TERM | |
| Topical term or geographic name entry element | ข้าราชการพลเรือน -- กฎหมายและระเบียบข้อบังคับ |
| 650 04 - SUBJECT ADDED ENTRY--TOPICAL TERM | |
| Topical term or geographic name entry element | ระเบียบข้าราชการพลเรือน -- ประวัติ |
| 650 04 - SUBJECT ADDED ENTRY--TOPICAL TERM | |
| Topical term or geographic name entry element | ระเบียบข้าราชการพลเรือน (พ.ร.บ.) -- 2471 |
| 650 04 - SUBJECT ADDED ENTRY--TOPICAL TERM | |
| Topical term or geographic name entry element | ระเบียบข้าราชการพลเรือน (พ.ร.บ.) -- 2476 |
| 650 04 - SUBJECT ADDED ENTRY--TOPICAL TERM | |
| Topical term or geographic name entry element | ระเบียบข้าราชการพลเรือน (พ.ร.บ.) -- 2479 |
| 650 04 - SUBJECT ADDED ENTRY--TOPICAL TERM | |
| Topical term or geographic name entry element | ระเบียบข้าราชการพลเรือน (พ.ร.บ.) -- 2482 |
| 650 04 - SUBJECT ADDED ENTRY--TOPICAL TERM | |
| Topical term or geographic name entry element | ระเบียบข้าราชการพลเรือน (พ.ร.บ.) -- 2485 |
| 650 04 - SUBJECT ADDED ENTRY--TOPICAL TERM | |
| Topical term or geographic name entry element | ระเบียบข้าราชการพลเรือน (พ.ร.บ.) -- 2495 |
| 650 04 - SUBJECT ADDED ENTRY--TOPICAL TERM | |
| Topical term or geographic name entry element | ระเบียบข้าราชการพลเรือน (พ.ร.บ.) -- 2497 |
| 650 04 - SUBJECT ADDED ENTRY--TOPICAL TERM | |
| Topical term or geographic name entry element | ระเบียบข้าราชการพลเรือน (พ.ร.บ.) -- 2518 |
| 850 ## - HOLDING INSTITUTION | |
| Holding institution | NALT |
| 856 40 - ELECTRONIC LOCATION AND ACCESS | |
| Uniform Resource Identifier | <a href="https://hdl.handle.net/20.500.14156/466204">https://hdl.handle.net/20.500.14156/466204</a> |
| -- | 1 |
| 942 ## - ADDED ENTRY ELEMENTS (KOHA) | |
| Koha item type | Law Book |
| Source of classification or shelving scheme | Library of Congress Classification |
| 998 ## - LOCAL CONTROL INFORMATION (RLIN) | |
| -- | 25 |
| -- | นีลวัสน์ อินทรักษา |
| Withdrawn status | Lost status | Damaged status | Not for loan | Collection code | Home library | Current library | Total Checkouts | Full call number | Barcode | Date last seen | Price effective from | Koha item type |
|---|---|---|---|---|---|---|---|---|---|---|---|---|
| Law Book collection | National Assembly Library of Thailand | National Assembly Library of Thailand | KE 61 พ993ป 2519 | 3961134548 | 09/06/2017 | 09/06/2017 | Law Book |
